Black Valentine / (Запис № 474966)

МАРК-запис
000 -LEADER
fixed length control field 01520cam a2200385 a 4500
001 - CONTROL NUMBER
control field blackvalentine00sarg
003 - CONTROL NUMBER IDENTIFIER
control field CaSfIA
005 - DATE AND TIME OF LATEST TRANSACTION
control field 20210117220916.0
007 - PHYSICAL DESCRIPTION FIXED FIELD--GENERAL INFORMATION
fixed length control field cr||||
008 - FIXED-LENGTH DATA ELEMENTS--GENERAL INFORMATION
fixed length control field 880210s1988 nyu 000 1 eng
010 ## - LIBRARY OF CONGRESS CONTROL NUMBER
LC control number 88003724
040 ## - CATALOGING SOURCE
Original cataloging agency DLC
Transcribing agency DLC
Modifying agency OCL
-- OCLCQ
-- BTCTA
-- YDXCP
-- BAKER
-- CaSfIA
020 ## - INTERNATIONAL STANDARD BOOK NUMBER
International Standard Book Number 0517569620 :
Terms of availability $18.95
020 ## - INTERNATIONAL STANDARD BOOK NUMBER
International Standard Book Number 9780517569627
035 ## - SYSTEM CONTROL NUMBER
System control number (OCoLC)17549139
043 ## - GEOGRAPHIC AREA CODE
Geographic area code e-cs---
050 00 - LIBRARY OF CONGRESS CALL NUMBER
Classification number PS3569.A6894
Item number B56 1988
082 00 - DEWEY DECIMAL CLASSIFICATION NUMBER
Classification number 813/.54
Edition number 19
029 1# - (OCLC)
OCLC library identifier YDXCP
System control number 442558
029 1# - (OCLC)
OCLC library identifier NZ1
System control number 3466886
029 1# - (OCLC)
OCLC library identifier AU@
System control number 000005742571
100 1# - MAIN ENTRY--PERSONAL NAME
Personal name Sargent, Patricia.
245 10 - TITLE STATEMENT
Title Black Valentine /
Medium [electronic resource]
Statement of responsibility, etc Patricia Sargent.
250 ## - EDITION STATEMENT
Edition statement 1st ed.
260 ## - PUBLICATION, DISTRIBUTION, ETC. (IMPRINT)
Place of publication, distribution, etc New York :
Name of publisher, distributor, etc Crown,
Date of publication, distribution, etc c1988.
300 ## - PHYSICAL DESCRIPTION
Extent 264 p. ;
Dimensions 24 cm.
506 ## - RESTRICTIONS ON ACCESS NOTE
Standardized terminology for access restriction Необхідна авторизація на https://archive.org/ (створення облікового запису безкоштовно)
506 ## - RESTRICTIONS ON ACCESS NOTE
Standardized terminology for access restriction Необхідна авторизація на https://openlibrary.org/ (створення облікового запису безкоштовно)
651 #0 - SUBJECT ADDED ENTRY--GEOGRAPHIC NAME
Geographic name Czechoslovakia
General subdivision History
Chronological subdivision Intervention, 1968
Form subdivision Fiction.
655 #7 - INDEX TERM--GENRE/FORM
Genre/form data or focus term Historical fiction.
Source of term gsafd
655 #7 - INDEX TERM--GENRE/FORM
Genre/form data or focus term Adventure fiction.
Source of term gsafd
856 41 - ELECTRONIC LOCATION AND ACCESS
Uniform Resource Identifier <a href="http://www.archive.org/details/blackvalentine00sarg">http://www.archive.org/details/blackvalentine00sarg</a>
Public note Free eBook from the Internet Archive
856 42 - ELECTRONIC LOCATION AND ACCESS
Uniform Resource Identifier <a href="http://www.openlibrary.org/books/OL2528388M">http://www.openlibrary.org/books/OL2528388M</a>
Public note Additional information and access via Open Library
942 ## - ADDED ENTRY ELEMENTS (KOHA)
Koha item type ЕКнига

Немає доступних примірників.